000 00816nam a22002057a 4500
999 _c11922
_d11922
003 AR-CdUCM
008 190401b ||||| |||| 00| 0 spa d
040 _aMUNICIPALIDAD PROVINCIAL DEL CUSCO
_cBIBLIOTECA MUNICIPAL DEL CUSCO
082 _aES / 373.700 /
_bV66
_220ed.
100 _aVillacorta Paredes, Juan
_927655
245 _aEducación por el Arte 1° Libro :
_bArtes plásticas, técnicas, creatividad, apreciación artística, Arte Precolombino /
260 _aLima :
_bStudium,
_c1987.
300 _a80 páginas ;
_bimágenes.
_c24 cm.
505 _aContenido: Artes plásticas -- Orientaciones didácticas -- El color -- El modelado -- El estampado...
650 _aArte.
_9561
650 _aArtes plásticas.
_927656
650 _aArte peruano.
_95992
942 _2ddc
_cLIBROS
945 _anom
_d2019-04-05